Visual Studio 2012 and .NET 4.5 expert development cookbook (Record no. 10598)
[ view plain ]
| 000 -LEADER | |
|---|---|
| fixed length control field | 01275nam a2200301 a 4500 |
| 100 1# - MAIN ENTRY--AUTHOR NAME | |
| Personal name | Sur, Abhishek. |
| 245 10 - TITLE STATEMENT | |
| Title | Visual Studio 2012 and .NET 4.5 expert development cookbook |
| 260 ## - PUBLICATION, DISTRIBUTION, ETC. (IMPRINT) | |
| Place of publication | Birmingham, U.K. : |
| Name of publisher | Packt Pub., |
| Year of publication | 2013. |
| 300 ## - PHYSICAL DESCRIPTION | |
| Number of Pages | ii, 365 p. : |
| Other physical details | ill. (some col.). |
| 490 0# - SERIES STATEMENT | |
| Series statement | Quick answers to common problems |
| 500 ## - GENERAL NOTE | |
| General note | Includes index. |
| 650 #0 - SUBJECT ADDED ENTRY--TOPICAL TERM | |
| Topical Term | Web site development. |
| 856 40 - ELECTRONIC LOCATION AND ACCESS | |
| Uniform Resource Identifier | http://site.ebrary.com/lib/rucke/Doc?id=10690581 |
No items available.
